000 00435cam a2200169 4500
001 D12731
008 090401t1928 xxu||||| |||| 00| 0 eng d
035 _a(Sirsi) u5351
041 _aeng
100 _aFindlay, William
245 4 _aThe law on the liability of property owners and occupiers for accidents
260 _aLondon
_bSweet and Maxwell
_c1928
350 _a0
520 _aShelf 179
942 _n0
948 _c04/03/1997
999 _c86165
_d86165